[Event "BL2 Sued 1112 (Women)"]
[Site "Germany"]
[Date "2012.02.12"]
[Round "7.2"]
[White "Manakova, Maria"]
[Black "Ronkina, Vera"]
[Result "1-0"]
[WhiteElo "2289"]
[BlackElo "1820"]
[PlyCount "39"]
[EventDate "2011.10.29"]
[EventType "team-tourn"]
[EventRounds "7"]
[EventCountry "GER"]
[SourceTitle "EXT 2013"]
[Source "ChessBase"]
[SourceDate "2012.11.22"]
[SourceVersion "1"]
[SourceVersionDate "2012.11.22"]
[SourceQuality "1"]
[WhiteTeam "Deizisau (W)"]
[BlackTeam "Neuperlach (W)"]
[WhiteTeamCountry "GER"]
[BlackTeamCountry "GER"]

1. d4 e6 2. Bf4 Nf6 3. e3 d6 4. Nf3 Nbd7 5. Nbd2 Nh5 6. Bd3 Nxf4 7. exf4 Be7 8. Qe2 a6 9. c3 c5 10. f5 Nf6 11. fxe6 Bxe6 12. Ng5 Bg4 13. f3 Bd7 14. dxc5 dxc5 15. Nc4 0-0 16. 0-0-0 h6 17. h4 Re8 18. Nxf7 Kxf7 19. Ne5+ Kg8 20. Bc4+ 1-0

[Event "BL2 Sued 1112 (Women)"]
[Site "Germany"]
[Date "2012.02.11"]
[Round "6.2"]
[White "Ronkina, Vera"]
[Black "Baumstark, Gertrude"]
[Result "0-1"]
[WhiteElo "1820"]
[BlackElo "2021"]
[PlyCount "76"]
[EventDate "2011.10.29"]
[EventType "team-tourn"]
[EventRounds "7"]
[EventCountry "GER"]
[SourceTitle "EXT 2013"]
[Source "ChessBase"]
[SourceDate "2012.11.22"]
[SourceVersion "1"]
[SourceVersionDate "2012.11.22"]
[SourceQuality "1"]
[WhiteTeam "Neuperlach (W)"]
[BlackTeam "Augsburg (W)"]
[WhiteTeamCountry "GER"]
[BlackTeamCountry "GER"]

1. c4 c5 2. Nf3 Nf6 3. Nc3 Nc6 4. g3 e5 5. d3 g6 6. Bg5 Bg7 7. Ne4 d6 8. Bg2 h6 9. Nxf6+ Bxf6 10. Bxf6 Qxf6 11. Qd2 Be6 12. a3 d5 13. Qc3 dxc4 14. dxc4 Ke7 15. Nd2 Bf5 16. Nb3 Nd4 17. Nxd4 exd4 18. Qa5 Qb6 19. Qxb6 axb6 20. Bxb7 Rab8 21. Bg2 d3 22. e4 Be6 23. Rc1 b5 24. cxb5 Rxb5 25. 0-0 c4 26. f4 Rxb2 27. f5 d2 28. Rc3 Bd7 29. g4 Ba4 30. Bf3 Rd8 31. Bd1 Bxd1 32. Rxd1 Rd4 33. Kf2 Rxe4 34. fxg6 fxg6 35. h3 Ke6 36. a4 Ke5 37. Ra3 Kd4 38. Kf3 Re1 0-1

[Event "BL2 Sued 1112 (Women)"]
[Site "Germany"]
[Date "2011.10.29"]
[Round "1.3"]
[White "Henschel, Anke"]
[Black "Ronkina, Vera"]
[Result "1-0"]
[WhiteElo "2002"]
[BlackElo "1820"]
[PlyCount "121"]
[EventDate "2011.10.29"]
[EventType "team-tourn"]
[EventRounds "7"]
[EventCountry "GER"]
[SourceTitle "EXT 2013"]
[Source "ChessBase"]
[SourceDate "2012.11.22"]
[SourceVersion "1"]
[SourceVersionDate "2012.11.22"]
[SourceQuality "1"]
[WhiteTeam "Differten (W)"]
[BlackTeam "Neuperlach (W)"]
[WhiteTeamCountry "GER"]
[BlackTeamCountry "GER"]

1. e4 e6 2. d3 d5 3. Nd2 c5 4. Ngf3 Nc6 5. g3 Qc7 6. Bg2 Nf6 7. 0-0 Be7 8. Re1 h6 9. c3 b5 10. e5 Nd7 11. d4 Bb7 12. Qe2 a6 13. a3 Qb6 14. Qe3 Rc8 15. h4 Na5 16. Qf4 0-0 17. Qg4 Kh7 18. Bf1 c4 19. Bh3 f5 20. exf6 Rxf6 21. Rxe6 Qd8 22. Rxf6 Nxf6 23. Qf4 Bd6 24. Ne5 Rc7 25. Qf5+ Kg8 26. Qe6+ Kh7 27. Bf5+ g6 28. Bxg6+ Kg7 29. Qf5 Bc8 30. Qc2 Ng4 31. Nxg4 Bxg4 32. Bf5 Bh5 33. Nf1 Qf6 34. Be3 Rf7 35. Bh3 Bg6 36. Qe2 Bd3 37. Qh5 Bg6 38. Qxd5 Bb8 39. Qe6 Nc6 40. Rd1 Bd6 41. Nh2 Bh5 42. Rd2 Nd8 43. Qxf6+ Rxf6 44. Ng4 Rg6 45. Ne5 Rf6 46. g4 Be8 47. g5 Rg6 48. Nxg6 Bxg6 49. f4 h5 50. f5 Be8 51. Rd1 Bg3 52. Bf2 Bd6 53. Re1 Bc6 54. Bg2 Bd7 55. Be4 Kf7 56. Kg2 a5 57. Bg3 Bf8 58. g6+ Kg7 59. Be5+ Kh6 60. Bf6 Bc6 61. Bxd8 1-0

[Event "BL2 Sued 0809 (Women)"]
[Site "Germany"]
[Date "2008.11.08"]
[Round "1.3"]
[White "Ronkina, Vera"]
[Black "Specht, Maria"]
[Result "0-1"]
[WhiteElo "1663"]
[BlackElo "1946"]
[PlyCount "140"]
[EventDate "2008.11.08"]
[EventType "team-tourn"]
[EventRounds "7"]
[EventCountry "GER"]
[SourceTitle "EXT 2010"]
[Source "ChessBase"]
[SourceDate "2010.11.25"]
[SourceVersion "1"]
[SourceVersionDate "2010.11.25"]
[SourceQuality "1"]
[WhiteTeam "Neuperlach (W)"]
[BlackTeam "Augsburg (W)"]
[WhiteTeamCountry "GER"]
[BlackTeamCountry "GER"]

1. d4 d5 2. Nf3 e6 3. c4 c5 4. Nc3 cxd4 5. Nxd4 dxc4 6. Bf4 a6 7. Qa4+ Bd7 8. Qxc4 b5 9. Qd3 Nc6 10. e3 Nf6 11. a3 Be7 12. Nf3 b4 13. axb4 Nxb4 14. Qb1 Nfd5 15. Bg3 Qc8 16. Qc1 Nxc3 17. bxc3 Nd5 18. c4 Bb4+ 19. Nd2 Nf6 20. Bd3 Bc6 21. 0-0 Qd7 22. Qc2 Rd8 23. Rxa6 Qxd3 24. Qxd3 Rxd3 25. Rxc6 Rxd2 26. Rb6 Be7 27. Rb7 Rd7 28. Rb5 Ne4 29. Rfb1 0-0 30. Bf4 Nc3 31. Rb7 Rxb7 32. Rxb7 Rd8 33. g3 Bf8 34. Rc7 f6 35. g4 Ne2+ 36. Kg2 Nxf4+ 37. exf4 Bd6 38. Rc6 Bxf4 39. Rxe6 Rc8 40. Re4 g5 41. h4 Bc1 42. hxg5 fxg5 43. Kf1 Kf7 44. f3 Rc6 45. Rd4 Kg6 46. Ke2 h5 47. gxh5+ Kxh5 48. Kf1 Bf4 49. Re4 Kg6 50. Kf2 Kf5 51. Kf1 Rc5 52. Rd4 Ke5 53. Re4+ Kd6 54. Rd4+ Kc6 55. Kg2 Ra5 56. Kh3 Ra1 57. Kg2 Kc5 58. Rd3 Kxc4 59. Rd8 Ra4 60. Kf1 Kc3 61. Kg2 Rd4 62. Ra8 Rd2+ 63. Kh3 Kd3 64. Ra3+ Ke2 65. Kg4 Kf2 66. Rb3 Rc2 67. Ra3 Bd2 68. Rd3 Rc4+ 69. Kf5 Be3 70. Ke5 Kxf3 0-1